书目信息 |
| 题名: |
家用摄像机的使用与拍摄技巧
|
|
| 作者: | 蔡云明 编著 | |
| 分册: | ||
| 出版信息: | 上海 上海科学技术出版社 2000.04 |
|
| 页数: | 453页 | |
| 开本: | 32开 | |
| 丛书名: | 休闲丛书 | |
| 单 册: | ||
| 中图分类: | TN948.41 | |
| 科图分类: | ||
| 主题词: | 电视中心 , 电视设备 | |
| 电子资源: | ||
| ISBN: | 7-5323-5430-X | |
| 000 | 00689nam0 2200229 45 | |
| 001 | 0012250835 | |
| 005 | 20031219104048.3 | |
| 010 | @a7-5323-5430-X@b精装@dCNY20.00 | |
| 100 | @a20001225d2000 km y0chiy0120 ea | |
| 101 | 0 | @achi |
| 105 | @a z 000yy | |
| 200 | 1 | @a家用摄像机的使用与拍摄技巧@AJia Yong She Xiang Ji De Shi Yong Yu Pai She Ji Qiao@f蔡云明编著@FCai Yun Ming Bian Zhu |
| 210 | @a上海@c上海科学技术出版社@d2000.04 | |
| 215 | @a453页@c冠彩图@d32开 | |
| 225 | @a休闲丛书 | |
| 410 | @12001 @a休闲丛书 | |
| 606 | 0 | @a电视中心 |
| 606 | 0 | @a电视设备 |
| 690 | @aTN948.41@v1 | |
| 701 | 0 | @a蔡云明@4编著 |
| 801 | @aCN@bTSTC@c20001225 | |
| 905 | @b294143-148@dTN948.41@e177@f6 | |
| 家用摄像机的使用与拍摄技巧/蔡云明编著.-上海:上海科学技术出版社,2000.04 |
| 453页:冠彩图;32开.-(休闲丛书) |
| ISBN 7-5323-5430-X(精装):CNY20.00 |
| ● |
| 相关链接 |
|
|
|
|
正题名:家用摄像机的使用与拍摄技巧
索取号:TN948.41/177
 
预约/预借
| 序号 | 登录号 | 条形码 | 馆藏地/架位号 | 状态 | 备注 |
| 1 | 0294143 | 002941437 | 第三借阅区/ [索取号:TN948.41/177] | 在馆 | |
| 2 | 0294144 | 002941446 | 第三借阅区/ [索取号:TN948.41/177] | 在馆 | |
| 3 | 0294145 | 002941455 | 第三借阅区/ [索取号:TN948.41/177] | 在馆 | |
| 4 | 0294146 | 002941464 | 第三借阅区/ [索取号:TN948.41/177] | 在馆 | |
| 5 | 0294147 | 002941473 | 第三借阅区/ [索取号:TN948.41/177] | 在馆 | |
| 6 | 0294148 | 002941482 | 第二样本阅览室/ [索取号:TN948.41/177] | 在馆 |